Surgical scrubbing and hospital hand disinfection = A sebészi bemosakodás sebészi bemosakodás és kórházi kézhigiéné /
A tananyag felépítése: 1. A tanulási eredmény ismertetése (tudás és készség) 2. Előzetesen szükséges elméleti háttér és gyakorlati tapasztalat: aszepszis, antiszepszis 3. Videókon: sapka, maszk és lábzsák felvétele, beöltözés, bemosakodás: mechanikai és kémiai fázisok 4. A tanulási eredmény ismert...
Elmentve itt :
| Szerzők: | |
|---|---|
| További közreműködők: | |
| Dokumentumtípus: | Videó |
| Megjelent: |
2020
|
| Kulcsszavak: | sebészi bemosakodás sebészi beöltözés kórházi kézfertőtlenítés |
| Tárgyszavak: | |
| Online Access: | http://eta.bibl.u-szeged.hu/2987 |
| LEADER | 01953ngm a2200337 i 4500 | ||
|---|---|---|---|
| 001 | eta2987 | ||
| 005 | 20200611121227.0 | ||
| 008 | 200611s2020 hu o 0|| eng d | ||
| 040 | |a SZTE Elektronikus Tananyag Archívum |b hun | ||
| 041 | |a eng | ||
| 100 | 1 | |a Hartmann Petra | |
| 245 | 1 | 0 | |a Surgical scrubbing and hospital hand disinfection = A sebészi bemosakodás |h [elektronikus dokumentum] : |b sebészi bemosakodás és kórházi kézhigiéné / |c Hartmann Petra |
| 260 | |c 2020 | ||
| 516 | |a Video | ||
| 520 | 3 | |a A tananyag felépítése: 1. A tanulási eredmény ismertetése (tudás és készség) 2. Előzetesen szükséges elméleti háttér és gyakorlati tapasztalat: aszepszis, antiszepszis 3. Videókon: sapka, maszk és lábzsák felvétele, beöltözés, bemosakodás: mechanikai és kémiai fázisok 4. A tanulási eredmény ismertetése (attitűd és autonómia) 5. Gyakorlati vizsga értékelőlap 6. Önellenőrző kérdések | |
| 520 | 3 | |a Content: 1. Description of the learning outcome (knowledge and skill) 2. Preliminary required knowledge and expertise: asepsis, antisepsis 3. Video demonstration of the followings: putting surgical cap, mask and shoe covers, changing to surgical scrub suite, surgical scrubbing: mechanical and chemical phases 4. Description of the learning outcome (attitude and autonomy) 5. Practical exam evaluation sheet 6. Self-checking questions | |
| 650 | 4 | |a Orvos- és egészségtudomány | |
| 650 | 4 | |a Klinikai orvostan | |
| 650 | 4 | |a Sebészet | |
| 695 | |a sebészi bemosakodás | ||
| 695 | |a sebészi beöltözés | ||
| 695 | |a kórházi kézfertőtlenítés | ||
| 700 | 0 | 1 | |a Kovách Kornél |
| 700 | 0 | 1 | |a Kiss János |
| 700 | 0 | 0 | |a |
| 700 | 0 | 0 | |a |
| 700 | 0 | 0 | |a |
| 700 | 0 | 0 | |a |
| 700 | 0 | 1 | |a Szabó Andrea |e aut |
| 700 | 0 | 1 | |a Tallósy Szabolcs Péter |e aut |
| 856 | 4 | 0 | |u https://eta.bibl.u-szeged.hu/2987/1/%23V%C3%A9gleges%20Surgical%20scrubbing%20and%20gowning%200610.wmv |z Dokumentum-elérés |